Responses for Show #6009 - Thursday, October 28, 2010

Contestants

[<< previous game]

George Villarreal, a college swim coach and aquatics consultant from Lexington, Kentucky

Barbara Brown, a retired housewife from Baton Rouge, Louisiana

Jesse Cuevas, a corporate lawyer originally from Leawood, Kansas (whose 2-day cash winnings total $51,600)

[next game >>]

Jeopardy! Round responses

WHEN YOU WISH UPON A CZAR
PROPER NAMES
STATE MASHUPS BY CITIES
(Alex: Birmingham and Boston, you'd come up with AlabaMassachusetts.)
TOM JONES
IT'S NOT UNUSUAL
SHE'S A LADY
    $200 2
Ivan the Terrible

George
    $200 8
an Oscar

Jesse
    $200 26
IoWashington

Jesse
    $200 6
Wales

Barbara
    $200 15
a second

George
    $200 21
Lady Godiva

Barbara
    $400 1
Catherine the Great

George
    $400 11
a derrick

Jesse
    $400 7
the BBC

George
    $400 16
ants

George
    $400 22
(Jesse: Who is Babbage?)

Lord Byron

JesseBarbara
    $600 3
Nicholas II

George
    $600 13
tony

George
    $600 27
NebrasKansas

Jesse
    $600 9
Dean Martin

Barbara
    $600 17
Smith

Jesse
    $600 23
(Alex: And less than a minute to go, now.)

Guadalupe

George
    $800 4
the Crimean war

George
    $800 14
a glen

Barbara
    $800 28
[The end-of-round signal sounds.]

New MexiColorado

Jesse
    $800 10
Dublin

George
    $800 19
the Beetle (or the bug)

Jesse
    $800 24
Yeats

Triple Stumper
    $1000 5
Boris

Barbara
    $2,200 18
rosemary

Jesse
    $1000 12
Pavarotti

Jesse
    $1000 20
oxygen

Jesse
    $1000 25
Winston Churchill

Barbara

Scores at the first commercial break (after clue 14):

Jesse Barbara George
$1,600 $2,600 $3,800

Scores at the end of the Jeopardy! Round:

Jesse Barbara George
$7,400 $4,200 $5,000

Double Jeopardy! Round responses

PLANTS
3-LETTER MOVIE TITLES
UNFINISHED NOVELS
A COLORFUL CATEGORY
U.S. ISLANDS
LONG WORDS
    $400 4
poinsettia

George
    $400 10
Big

Jesse
    $400 16
Raymond Chandler

Jesse
    $400 1
(Jesse: What is a red streak?)

a yellow streak

JesseGeorge
    $400 15
(Jesse: What is Oahu?)

Hawaii

JesseBarbara
    $400 22
unpremeditated

Barbara
    $800 5
bamboo

Jesse
    $800 6
Elf

Jesse
    $800 23
(Douglas) Adams

Jesse
    $800 2
white noise

Jesse
    $800 14
Louisiana

Triple Stumper
    $800 27
(Barbara: What is altruism?)
[The end-of-round signal sounds.]

humanitarianism

Barbara
Triple Stumper
    $1200 3
(Jesse: [No response])

succulent

JesseBarbara
    $1200 7
JFK

Jesse
    $2,000 25
(Barbara: Can't remember.)

Nabokov

Barbara
    $1200 19
the brown shirts

George
    $1200 11
U Thant

George
    $1600 17
bougainvillea

George
    $1600 8
Ali

Jesse
    $1600 24
Robert Louis Stevenson

Barbara
    $1600 20
fiddler's green

Triple Stumper
    $2,500 12
Hilton Head Island

George
    $2000 18
the saw palmetto

Triple Stumper
    $2000 9
D.O.A.

Barbara
    $2000 26
Kafka

Jesse
    $2000 21
the Red Crescent

George
    $2000 13
the Great Salt Lake

Triple Stumper

Scores at the end of the Double Jeopardy! Round:

Jesse Barbara George
$14,200 $7,000 $14,300

[wagering suggestions for these scores]

Final Jeopardy! Round responses

WORD ORIGINS
BarbaraWhat is a sect?
$3,000
JesseWhat is sect?
$181
GeorgeWhat is a cult?
$12,300
a sect

Final scores:

Jesse Barbara George
$14,381 $10,000 $2,000
3-day champion: $65,981 2nd place: $2,000 3rd place: $1,000

Game dynamics:

Coryat scores:

Jesse Barbara George
$13,000 $9,000 $13,400
19 R
(including 1 DD),
4 W
12 R,
2 W
(including 1 DD)
17 R
(including 1 DD),
0 W

Combined Coryat: $35,400

[game clues] [game scores] [suggest correction]

Game tape date: 2010-08-23
The J! Archive is created by fans, for fans. Scraping, republication, monetization, and malicious use prohibited; this site may use cookies and collect identifying information. See terms. The Jeopardy! game show and all elements thereof, including but not limited to copyright and trademark thereto, are the property of Jeopardy Productions, Inc. and are protected under law. This website is not affiliated with, sponsored by, or operated by Jeopardy Productions, Inc. Join the discussion at JBoard.tv.